Städte in Thüringen - Statistiken

Allgemein
  • Dieses Quiz wurde 680 mal gespielt
    471 seit der letzten Aktualisierung
  • Das Durchschnittsergebnis liegt bei 13 aus 20
Antwortstatistiken
Einwohnerzahl Antwort % Korrekt
213.000 Erfurt
97%
111.000 Jena
95%
95.000 Gera
93%
64,999 Weimar
87%
43.000 Eisenach
84%
46.000 Gotha
79%
37.000 Suhl
77%
42.000 Nordhausen
72%
32.000 Altenburg
64%
39.000 Ilmenau
60%
24.000 Meiningen
60%
30.000 Saalfeld
59%
36.000 Mühlhausen
57%
21.000 Greiz
54%
25.000 Rudolstadt
52%
22.000 Apolda
50%
23.796 Sonneberg
50%
24.000 Sonneberg
50%
27.000 Arnstadt
46%
22.000 Sondershausen
40%
Keine übereinstimmenden Quizze gefunden
Verteilung der Resultate
Anzahl Personen mit jedem Resultat
Perzentil nach korrekt beantworteten Fragen
Ihre Resultats-Entwicklung
Sie haben dieses Quiz seit der letzten Aktualisierung nicht gespielt